000 00718nam a2200241Ia 4500
003 GCL
008 140319s9999 xx 000 0 ara d
040 _aGCL /
_cGCL
082 0 4 _aد
_b050
_bح ا
100 1 _aحزب الاحرار
245 1 0 _aالاحرار /
_cحزب الاحرار
260 _a[S.N] :
_bحزب الاحرار
300 _a14
490 _aالمكتبة العربية الفنية
_v0
650 0 4 _aالادب
650 0 4 _aالسياسة
650 0 4 _aالسياسة الخارجية
650 0 4 _aالسياسة الاقتصادية
650 0 4 _aالفنون
650 0 4 _aالسياسة الاجتماعية
650 0 4 _aالسياسة الداخلية
942 _2ddc
_cCF
999 _c26966
_d26966